000 00725nam a2200205Ia 4500
003 LK-CoDNM
005 20241128102620.0
008 010623t1960 xxu||||| |||| 00| 1 sin d
040 _aLK-CoDNM
_dLK-CoDNM
_eLK-CoDNM
041 _asin
080 _a8 C-3 14/15
_bUMM
100 _aKumarathunga
245 _aඋම්මග්ග ජාතකය - 1957-60 දක්වා පොදු සහතික පත්‍ර (සාමාන්‍ය) විභාගය සඳහා
246 _aUmmagga jathakaya : 1957-60 dakwa podu sahathika pathra (samanya) vibagaya sandaha
260 _bM.D.Gunasena
_aColombo
_c1960
300 _b128P. ; 22 cm
650 _aBuddhist culture
650 _aLiterature
942 _cBK
999 _c105307
_d105307